Loading...

ഇ.എം.എസ് :വാക്കും സമൂഹവും

Bibliographic Details
Main Author: ഗോപിനാഥൻ,കെ
Other Authors: Gopinathan,K
Format: Printed Book
Published: Thrissur Current Books 1998
Subjects:
LEADER 00553cam a2200157ua 4500
082 |a M923.2  |b GOP/E 
100 |a ഗോപിനാഥൻ,കെ  
245 0 0 |a ഇ.എം.എസ് :വാക്കും സമൂഹവും  
260 |a Thrissur  |b Current Books  |c 1998 
300 |a 544p. 
650 0 |a E.M.S: vaakkum samoohavum  
650 0 |a E.M.S. Namboothirippad 
700 |a Gopinathan,K 
942 |c BK 
999 |c 2586  |d 2586 
952 |0 0  |1 0  |4 0  |6 M_923_200000000000000_GOPE  |7 0  |9 2701  |a KUCL  |b KUCL  |d 2014-05-23  |l 1  |m 1  |o M923.2 GOP/E  |p 05714  |r 2017-09-26  |s 2017-07-31  |y BK